Statistics for Things That Go Together Quiz #4

Click here to take the quiz!

General Stats

  • This quiz has been taken 57,506 times
    (45,541 since last reset)
  • The average score is 19 of 28

Answer Stats

Famous Pair % Correct
Bride & {Groom}
97%
Nieces & {Nephews}
93%
{Ladies} & Gentlemen
93%
Dungeons & {Dragons}
92%
Track & {Field}
91%
{Pride} & Prejudice
91%
Supply & {Demand}
85%
Debit & {Credit}
85%
Ketchup & {Mustard}
81%
Nook & {Cranny}
79%
{Stars} & Stripes
79%
{Crime} & Punishment
77%
{Rock} & a Hard Place
76%
Armed & {Dangerous}
75%
Nickel & {Dime}
75%
Dazed & {Confused}
74%
Twist & {Shout}
74%
{Search} & Rescue
73%
{Kit} & Kaboodle
53%
Cease & {Desist}
53%
Shock & {Awe}
48%
{Aid} & Abet
41%
{Bait} & Switch
40%
Ways & {Means}
38%
{Research} & Development
33%
{Mergers} & Acquisitions
26%
Kith & {Kin}
24%
Hue & {Cry}
19%

Score Distribution

Percentile by Number Answered

Percent of People with Each Score

Your Score History

You have not taken this quiz since the last reset